Obras completas / (Record no. 39444)
[ view plain ]
| 000 -CABECERA | |
|---|---|
| campo de control de longitud fija | 00993nam a2200229 a 4500 |
| 001 - NÚMERO DE CONTROL | |
| campo de control | 000039954 |
| 005 - FECHA Y HORA DE LA ÚLTIMA TRANSACCIÓN | |
| campo de control | 20201002033829.0 |
| 008 - DATOS DE LONGITUD FIJA--INFORMACIÓN GENERAL | |
| campo de control de longitud fija | 130731s1946 sp 000 0 spa d |
| 040 ## - FUENTE DE LA CATALOGACIÓN | |
| Centro catalogador/agencia de origen | DO-SdBNP |
| Lengua de catalogación | spa |
| Centro/agencia transcriptor | BNPHU |
| 082 ## - NÚMERO DE LA CLASIFICACIÓN DECIMAL DEWEY | |
| Número de clasificación | 868 |
| Número de documento/Ítem | B264o |
| 100 1# - ENTRADA PRINCIPAL--NOMBRE DE PERSONA | |
| Nombre de persona | Baroja, Pio |
| Fechas asociadas al nombre | 1852-1956 |
| 9 (RLIN) | 66169 |
| 245 10 - MENCIÓN DE TÍTULO | |
| Título | Obras completas / |
| Mención de responsabilidad, etc. | Pio Baroja. |
| 260 ## - PUBLICACIÓN, DISTRIBUCIÓN, ETC. | |
| Lugar de publicación, distribución, etc. | Madrid : |
| Nombre del editor, distribuidor, etc. | Biblioteca Nueva, |
| Fecha de publicación, distribución, etc. | 1946-. |
| 300 ## - DESCRIPCIÓN FÍSICA | |
| Extensión | 8v. ; |
| Dimensiones | 23 cm. |
| 500 ## - NOTA GENERAL | |
| Nota general | La biblioteca posee v. 1-8 |
| 505 0# - NOTA DE CONTENIDO CON FORMATO | |
| Información miscelánea | v.1 . |
| Título | Las trilogías -- |
| Información miscelánea | v.2. |
| Título | La vida fantástica -- |
| Información miscelánea | v.3. |
| Título | Memorias de un hombre de acción -- |
| Información miscelánea | v.4. |
| Título | Memorias de un hombre de acción. Biografías |
| Información miscelánea | v.5. |
| Título | Ensayos -- |
| Información miscelánea | v.6. |
| Título | La vida fantástica. Vidas sombrías. Otros cuentos. Teatro |
| Información miscelánea | v.7. |
| Título | Novelas. Memorias -- |
| Información miscelánea | v.8. |
| Título | Novelas. Teatro. Ensayos. Otros ensayos. Poesias. |
| 650 #4 - PUNTO DE ACCESO ADICIONAL DE MATERIA--TÉRMINO DE MATERIA | |
| Término de materia o nombre geográfico como elemento de entrada | Literatura española |
| 9 (RLIN) | 632 |
| 650 #4 - PUNTO DE ACCESO ADICIONAL DE MATERIA--TÉRMINO DE MATERIA | |
| Término de materia o nombre geográfico como elemento de entrada | Novelas españolas |
| 9 (RLIN) | 66170 |
| 650 #4 - PUNTO DE ACCESO ADICIONAL DE MATERIA--TÉRMINO DE MATERIA | |
| Término de materia o nombre geográfico como elemento de entrada | Ensayos españoles |
| 9 (RLIN) | 3095 |
| 650 #4 - PUNTO DE ACCESO ADICIONAL DE MATERIA--TÉRMINO DE MATERIA | |
| Término de materia o nombre geográfico como elemento de entrada | Cuentos españoles |
| 9 (RLIN) | 3194 |
| 910 ## - DATOS DE OPCIÓN DEL USUARIO (OCLC) | |
| Datos de opción del usuario | Validado. Control de calidad MFF |
| Estado de retiro | Estado de pérdida | Restricciones de uso | No para préstamo | Código de colección | Localización permanente | Ubicación/localización actual | Ubicación en estantería | Fecha de adquisición | Número de inventario | Total de préstamos | Signatura topográfica completa | Código de barras | Fecha visto por última vez | Precio válido a partir de | Tipo de ítem Koha | Nota pública |
|---|---|---|---|---|---|---|---|---|---|---|---|---|---|---|---|---|
| Raros y valiosos | General | General | Depósito | 31.07.2013 | LF1 | v. 1 | 39954-10 | 25.06.2020 | 25.06.2020 | Préstamo en sala | ||||||
| Raros y valiosos | General | General | Depósito | 31.07.2013 | LF1 | v. 2 | 39954-20 | 25.06.2020 | 25.06.2020 | Préstamo en sala | ||||||
| Raros y valiosos | General | General | Depósito | 31.07.2013 | LF1 | v. 3 | 39954-30 | 25.06.2020 | 25.06.2020 | Préstamo en sala | Perteneció a la biblioteca personal de Germán Emilio Ornes | |||||
| Raros y valiosos | General | General | Depósito | 31.07.2013 | LF1 | v. 4 | 39954-40 | 25.06.2020 | 25.06.2020 | Préstamo en sala | ||||||
| Raros y valiosos | General | General | Depósito | 31.07.2013 | LF1 | v. 5 | 39954-50 | 25.06.2020 | 25.06.2020 | Préstamo en sala | ||||||
| Raros y valiosos | General | General | Depósito | 31.07.2013 | LF1 | v. 6 | 39954-60 | 25.06.2020 | 25.06.2020 | Préstamo en sala | ||||||
| Raros y valiosos | General | General | Depósito | 31.07.2013 | LF1 | v. 7 | 39954-70 | 25.06.2020 | 25.06.2020 | Préstamo en sala | ||||||
| Raros y valiosos | General | General | Depósito | 31.07.2013 | LF1 | v. 8 | 39954-80 | 25.06.2020 | 25.06.2020 | Préstamo en sala |
